[Event "Challenge"]
[Site "http://www.queenalice.com/game.php?id=1553984"]
[Date "2018.12.24"]
[Round "-"]
[White "pedroingles"]
[Black "Marcio_Faria"]
[Result "0-1"]
[WhiteElo "1861"]
[BlackElo "1870"]

1. d4 d5 2. Nf3 c6 3. Bf4 Nd7 4. e3 e6 5. Bd3 Ngf6 6. Nc3 Nh5 7. Bg3 Be7 8. O-O
O-O 9. Ne2 Nxg3 10. fxg3 c5 11. c4 Rb8 12. Nc3 a6 13. cxd5 Nb6 14. dxe6 Bxe6 15.
b3 Rc8 16. Be4 Nd5 17. Nxd5 Bxd5 18. Bxd5 Qxd5 19. Qe2 cxd4 20. Nxd4 Rfe8 21.
Qf3 Rc5 22. Rad1 Rec8 23. Ne2 Qe6 24. Nf4 Qf5 25. Nd5 Qe6 26. Nxe7+ Qxe7 27. h3
b5 28. Rde1 g6 29. Re2 Rf5 30. Qg4 h5 31. Qd4 Rxf1+ 32. Kxf1 Rc1+ 33. Kf2 Rc6
34. Kg1 Rc1+ 35. Kh2 Rf1 36. Rc2 Kh7 37. Qd3 Re1 38. Re2 Ra1 39. e4 Qa3 40. Qf3
Kg8 41. Rf2 Qe7 42. Qf4 a5 43. e5 a4 44. Qd4 Re1 45. bxa4 bxa4 46. Qxa4 Rxe5 47.
Qa8+ Kg7 48. a4 Re3 49. a5 Qc7 50. Qd5 Qxg3+ 51. Kg1 Re1+ 52. Rf1 Qe3+ 53. Kh2
Rxf1 0-1

[Event "Challenge"]
[Site "http://www.queenalice.com/game.php?id=1553985"]
[Date "2018.12.24"]
[Round "-"]
[White "Marcio_Faria"]
[Black "pedroingles"]
[Result "1-0"]
[WhiteElo "1886"]
[BlackElo "1845"]

1. d4 Nf6 2. c4 d5 3. Nc3 e6 4. Nf3 Bd6 5. Bg5 Nbd7 6. cxd5 b6 7. dxe6 fxe6 8.
g3 O-O 9. e4 Be7 10. Bxf6 Bxf6 11. e5 Be7 12. Qb3 Bb7 13. Bg2 Bxf3 14. Qxe6+ Kh8
15. O-O Bxg2 16. Kxg2 Bb4 17. Ne4 Be7 18. Rac1 Re8 19. Qg4 Nf8 20. Nc3 Bg5 21.
Rcd1 Ng6 22. Ne4 Bh6 23. f4 Qd5 24. Qf3 Qxa2 25. f5 Nf8 26. f6 Ng6 27. fxg7+
Bxg7 28. Qh5 Qd5 29. Qg4 Rf8 30. Kh3 Qd8 31. Ng5 Qe7 32. Qh5 h6 33. Qxg6 hxg5
34. b3 a5 35. Kg2 Rad8 36. h4 gxh4 37. Rh1 Kg8 38. Rxh4 Qe8 39. Qh7+ Kf7 40.
Rf1+ Ke6 41. Qxg7 Rxf1 42. Rh6+ Kd5 43. Qxc7 Rf7 44. Qc4+ Ke4 45. Rh4+ Kf5 46.
Rf4+ Kg6 47. Rg4+ Kh7 48. Qd3+ Kh8 49. Qg6 Qg8 50. Rh4+ Rh7 51. Qf6+ Qg7 52.
Qxd8+ Qg8 53. Rxh7+ Kxh7 54. Qh4+ Kg7 55. Qf6+ Kh7 56. Qxb6 1-0

[Event "Challenge"]
[Site "http://www.queenalice.com/game.php?id=1562818"]
[Date "2019.3.2"]
[Round "-"]
[White "pedroingles"]
[Black "thalys47"]
[Result "1-0"]
[WhiteElo "1843"]
[BlackElo "1742"]

1. d4 c5 2. Nf3 cxd4 3. g3 Nc6 4. Bg2 e6 5. O-O a6 6. Nxd4 Qc7 7. Nc3 Bd6 8.
Nxc6 bxc6 9. Ne4 Be5 10. c3 Nf6 11. Nc5 O-O 12. Bg5 h6 13. Be3 d6 14. Nd3 Bb7
15. Nxe5 dxe5 16. Qb3 Rad8 17. Rfd1 e4 18. Rd4 Rxd4 19. Bxd4 c5 20. Bxf6 gxf6
21. e3 f5 22. Rd1 Kh7 23. Rd2 Rg8 24. Qd1 a5 25. Rd7 Qc8 26. Rxf7+ Rg7 27. Rxg7+
Kxg7 28. Qd6 c4 29. Qe5+ Kf7 30. Qxa5 Qd7 31. Qb6 Bd5 32. Qd4 Qb5 33. Qa7+ Kf6
34. Qa3 Qe8 35. Qb4 h5 36. h4 Qg6 37. Bf1 Qg4 38. Bxc4 Bxc4 39. Qxc4 Qd1+ 40.
Qf1 Qc2 41. Qa1 Ke5 42. a4 Qb3 43. a5 Qb7 44. a6 Qa7 45. b4 Kd5 46. Qa2+ Kc6 47.
Qa4+ Kb6 48. Qa5+ Kc6 49. Qc5+ Qxc5 50. bxc5 e5 51. c4 Kc7 52. Kf1 1-0

[Event "Challenge"]
[Site "http://www.queenalice.com/game.php?id=1562819"]
[Date "2019.3.2"]
[Round "-"]
[White "thalys47"]
[Black "pedroingles"]
[Result "0-1"]
[WhiteElo "1726"]
[BlackElo "1831"]

1. e4 e5 2. Nf3 Nf6 3. Nc3 Bb4 4. a3 Bxc3 5. bxc3 Nc6 6. Bb5 d6 7. O-O Bd7 8. d4
O-O 9. d5 Ne7 10. Bxd7 Qxd7 11. Bg5 Nxe4 12. Bxe7 Qxe7 13. Re1 Nxc3 14. Qd3 Na4
15. Qb5 Nb6 16. a4 Rab8 17. Qd3 Qf6 18. a5 Nd7 19. a6 b6 20. Re4 Nc5 21. Qe3
Nxe4 22. Qxe4 Rfe8 23. Re1 Re7 24. Nh4 g6 25. Re3 Rbe8 26. Rf3 Qg7 27. c4 f5 28.
Qc2 e4 29. Re3 Qa1+ 0-1

[Event "Challenge"]
[Site "http://www.queenalice.com/game.php?id=1568604"]
[Date "2019.4.23"]
[Round "-"]
[White "pedroingles"]
[Black "elisa"]
[Result "0-1"]
[WhiteElo "1836"]
[BlackElo "1862"]

1. d4 d5 2. c4 e6 3. Bf4 Nf6 4. e3 Nc6 5. Be2 Bb4+ 6. Nc3 Ne4 7. Qc1 O-O 8. Nf3
g5 9. Bg3 h5 10. h3 Bd6 11. Bxd6 cxd6 12. O-O Ne7 13. Nxg5 Nxg5 14. Bxh5 dxc4
15. Qd1 Nd5 16. Nxd5 exd5 17. Bg4 f5 18. Bh5 Be6 19. Bf3 Rc8 20. Bh5 Bf7 21. f4
Ne4 22. Bxf7+ Rxf7 23. Qe1 Rg7 24. Rd1 Ng3 25. Rf3 Nh5 26. Kh2 Qe7 27. Rd2 Kh8
28. g3 Rcg8 29. Rg2 Rh7 30. Qa5 Qe4 31. Rff2 Nf6 32. Re2 Ng4+ 33. Kg1 Rxh3 34.
Qd2 Qb1+ 35. Re1 Qxa2 36. Qc2 Qa5 37. Qc3 Qa4 38. Qc2 Qxc2 39. Rxc2 Rxg3+ 40.
Kf1 Nxe3+ 0-1

[Event "Challenge"]
[Site "http://www.queenalice.com/game.php?id=1568605"]
[Date "2019.4.23"]
[Round "-"]
[White "elisa"]
[Black "pedroingles"]
[Result "1-0"]
[WhiteElo "1788"]
[BlackElo "1855"]

1. e4 e5 2. Nf3 Nf6 3. Bc4 Nc6 4. Nc3 Bb4 5. O-O O-O 6. Nd5 d6 7. c3 Bc5 8. d4
Bb6 9. Bg5 Bg4 10. Qd2 Bxf3 11. gxf3 exd4 12. Kh1 h6 13. Bxf6 gxf6 14. Qxh6 Qe8
15. Rg1# 1-0

[Event "Challenge"]
[Site "http://www.queenalice.com/game.php?id=1572750"]
[Date "2019.5.29"]
[Round "-"]
[White "pedroingles"]
[Black "thalys47"]
[Result "1-0"]
[WhiteElo "1801"]
[BlackElo "1744"]

1. d4 c5 2. e3 cxd4 3. Nf3 dxe3 4. Bxe3 e6 5. Be2 Nc6 6. O-O a6 7. Nc3 Qc7 8.
Bd3 Bd6 9. Re1 Nf6 10. Bg5 Ng4 11. Nd5 Nxh2 12. Nxc7+ Bxc7 13. Nxh2 O-O 14. Nf3
f6 15. Be3 Ne5 16. Nxe5 Bxe5 17. Rb1 b5 18. Be4 Rb8 19. Ba7 f5 20. Bxb8 fxe4 21.
Bxe5 Bb7 22. Qxd7 Bd5 23. Qxg7# 1-0

[Event "Challenge"]
[Site "http://www.queenalice.com/game.php?id=1572751"]
[Date "2019.5.29"]
[Round "-"]
[White "thalys47"]
[Black "pedroingles"]
[Result "1-0"]
[WhiteElo "1724"]
[BlackElo "1821"]

1. e4 e5 2. Nf3 Nf6 3. Nxe5 d6 4. Nxf7 Kxf7 5. Nc3 Be6 6. Be2 Be7 7. O-O Re8 8.
d4 Kf8 9. f4 Kg8 10. e5 dxe5 11. fxe5 Nd5 12. Bd3 Nc6 13. Nxd5 Bxd5 14. Qh5 g6
15. Bxg6 hxg6 16. Qxg6+ Kh8 17. Rf5 Bg5 18. Bxg5 Qd7 19. Bf6+ 1-0

[Event "Challenge"]
[Site "http://www.queenalice.com/game.php?id=1578690"]
[Date "2019.7.27"]
[Round "-"]
[White "pedroingles"]
[Black "thalys47"]
[Result "1-0"]
[WhiteElo "1851"]
[BlackElo "1707"]

1. d4 c5 2. Nf3 cxd4 3. Nxd4 e6 4. e4 Nc6 5. Nxc6 bxc6 6. Bd3 Qc7 7. O-O Bd6 8.
g3 Nf6 9. Qf3 Be5 10. Bf4 O-O 11. Bxe5 Qxe5 12. Nc3 d5 13. Rfe1 d4 14. Ne2 c5
15. Rad1 a5 16. c3 Ba6 17. cxd4 cxd4 18. Bxa6 Rxa6 19. Nxd4 Rd8 20. Nb3 Rxd1 21.
Qxd1 Rd6 22. Qc2 h6 23. Nd2 Ng4 24. Nf3 Qb5 25. e5 Rc6 26. Qb1 Qb6 27. Rf1 Rc5
28. h3 Nxe5 29. Ne1 Ng6 30. Nf3 Ne5 31. Nxe5 Rxe5 32. b3 Rh5 33. Rc1 Rf5 34.
Rc8+ Kh7 35. Qc2 Kg6 36. g4 Kg5 37. gxf5 exf5 38. Qc3 Qd6 39. Qxg7+ Kh5 40.
Qxf7+ Kg5 41. Qg8+ Kh5 42. Qg2 Qd1+ 43. Kh2 Qd6+ 44. Qg3 1-0

[Event "Challenge"]
[Site "http://www.queenalice.com/game.php?id=1578691"]
[Date "2019.7.27"]
[Round "-"]
[White "thalys47"]
[Black "pedroingles"]
[Result "0-1"]
[WhiteElo "1718"]
[BlackElo "1840"]

1. e4 e5 2. Nf3 Nf6 3. Bc4 Bc5 4. O-O O-O 5. Nxe5 d6 6. Nf3 Nc6 7. d4 Bb6 8. Bg5
Bg4 9. c3 h6 10. Bh4 g5 11. Bg3 Nxe4 12. Re1 Nxg3 13. hxg3 Qf6 14. Re4 Bxf3 15.
gxf3 Rad8 16. Nd2 d5 17. Bxd5 Rxd5 18. Qb3 Rdd8 19. Nc4 Na5 20. Nxa5 Bxa5 21.
Rae1 Bb6 22. a4 Qxf3 23. a5 Bxa5 24. Qxb7 Bb6 25. Qc6 Rd6 26. Qa4 Rf6 27. Re8
Qxf2+ 28. Kh1 Qxg3 29. Rxf8+ Kxf8 30. Qe8+ Kg7 31. Qe2 Qf3+ 32. Qxf3 Rxf3 33.
Kg2 Rd3 34. Kf2 Rd2+ 35. Re2 Rxe2+ 36. Kxe2 f5 37. Kf3 Kf6 38. Kg3 Ke6 0-1

[Event "Challenge"]
[Site "http://www.queenalice.com/game.php?id=1583138"]
[Date "2019.9.11"]
[Round "-"]
[White "pedroingles"]
[Black "jenyasm"]
[Result "1-0"]
[WhiteElo "1876"]
[BlackElo "1820"]

1. d4 d5 2. c4 Nc6 3. Nf3 Nf6 4. Bg5 dxc4 5. Nc3 a6 6. e3 b5 7. b3 cxb3 8. Qxb3
e6 9. Ne4 Bb7 10. Nc5 Ra7 11. Rd1 Bd6 12. Be2 O-O 13. O-O h6 14. Bxf6 Qxf6 15.
Nd7 Qg6 16. Nxf8 Kxf8 17. Qd3 Qxd3 18. Bxd3 Nb4 19. Bb1 Bd5 20. Rd2 Bc4 21. Rc1
a5 22. Ne1 e5 23. Nc2 Nxa2 24. Bxa2 Bxa2 25. dxe5 Bxe5 26. Nd4 Be6 27. Nxb5 Rb7
28. f4 Bf6 29. Nxc7 a4 30. Nxe6+ fxe6 31. Ra2 Bb2 32. Rb1 a3 33. Rxa3 Bxa3 34.
Rxb7 Bc5 35. Kf2 Kg8 36. Kf3 Kh7 37. g4 Kg6 38. h4 Kf6 39. e4 e5 40. Rc7 Bd6 41.
Rc6 Ke6 42. f5+ Kd7 43. Ra6 Be7 44. h5 Bg5 45. Ra7+ Ke8 46. Rxg7 Kf8 47. Rb7 Ke8
48. Ke2 Kd8 49. Kd3 Kc8 50. Rh7 Kd8 51. Kc4 1-0

[Event "Challenge"]
[Site "http://www.queenalice.com/game.php?id=1583139"]
[Date "2019.9.11"]
[Round "-"]
[White "jenyasm"]
[Black "pedroingles"]
[Result "0-1"]
[WhiteElo "1835"]
[BlackElo "1861"]

1. e4 e5 2. Nf3 Nf6 3. Nc3 Nc6 4. Bb5 Bc5 5. h3 O-O 6. O-O d6 7. Bc4 a6 8. Ng5
d5 9. exd5 Ne7 10. d3 Nfxd5 11. Nxd5 Nxd5 12. Bb3 b5 13. a4 Bb7 14. Ne4 Bd6 15.
axb5 Nf6 16. Ng5 axb5 17. Rxa8 Qxa8 18. Bd2 Bxg2 19. Re1 Bb7 20. Qb1 Bc8 21. Qa2
Qxa2 22. Bxa2 h6 23. Ne4 Nxe4 24. Be3 Nf6 25. c4 Be6 26. Rc1 Ra8 27. Bb3 c5 28.
Kg2 b4 29. h4 Ng4 30. Kf3 Nxe3 31. fxe3 f5 32. Rc2 Ra1 33. Rf2 Rh1 34. Rg2 Rxh4
35. Rg6 Kf7 36. Rg1 g5 37. Ra1 e4+ 38. dxe4 Rxe4 39. Ra7+ Be7 40. Ke2 Bxc4+ 41.
Bxc4+ Rxc4 42. Ra6 Bf6 43. b3 Re4 44. Kd3 h5 45. Ra5 Be7 46. Ra6 h4 47. Rh6 Kg7
48. Rc6 h3 0-1

[Event "Challenge"]
[Site "http://www.queenalice.com/game.php?id=1598337"]
[Date "2020.2.5"]
[Round "-"]
[White "colatina"]
[Black "pedroingles"]
[Result "1-0"]
[WhiteElo "1738"]
[BlackElo "1897"]

1. e4 e5 2. Nf3 Nf6 3. Bc4 Bc5 4. Nxe5 O-O 5. Nxf7 Rxf7 6. Bxf7+ Kxf7 7. e5 Qe8
8. d4 Bb6 9. Be3 Nd5 10. Qf3+ Ke6 11. Qg4+ Ke7 12. Qxg7+ Qf7 13. Bg5+ Ke8 14.
Qxf7+ Kxf7 15. Nc3 Nxc3 16. bxc3 d6 17. exd6 cxd6 18. f4 Bf5 19. O-O Bxc2 20.
Rfe1 Nc6 21. Rac1 Bf5 22. Kh1 Re8 23. Rxe8 Kxe8 24. Re1+ Kd7 25. d5 Na5 26. Re7+
Kc8 27. h3 Bd8 28. Rf7 Bxg5 29. Rxf5 Bh4 30. Rh5 Bg3 31. f5 Kd7 32. Rxh7+ Ke8
33. f6 Kf8 34. h4 Be5 35. Rd7 Bxf6 36. h5 Be5 37. h6 a6 38. g4 Ke8 39. Rc7 Kf8
40. Rc8+ Kf7 41. Rc7+ Kg8 42. g5 Bf4 43. h7+ Kh8 44. g6 1-0

[Event "Challenge"]
[Site "http://www.queenalice.com/game.php?id=1598642"]
[Date "2020.2.7"]
[Round "-"]
[White "colatina"]
[Black "pedroingles"]
[Result "0-1"]
[WhiteElo "1764"]
[BlackElo "1886"]

1. e4 e5 2. Nf3 Nf6 3. Nxe5 d6 4. Nc4 Nxe4 5. Qe2 Qe7 6. f3 Nf6 7. d4 Be6 8. b3
d5 9. Ne3 Nc6 10. a4 Nxd4 11. Qd3 Nc6 12. Ba3 Qd7 13. Bxf8 Rxf8 14. Qb5 Rb8 15.
Qe2 Ke7 16. Nf5+ Kd8 17. Nxg7 Rg8 18. Nxe6+ Qxe6 19. Qxe6 fxe6 20. g3 Kd7 21.
Bb5 Kd6 22. Bxc6 Kxc6 23. O-O d4 24. b4 Kd5 25. Rd1 c5 26. bxc5 Kxc5 27. c3 Rbd8
28. cxd4+ Rxd4 29. Re1 Re8 30. Rc1+ Rc4 31. Rxc4+ Kxc4 32. Nd2+ Kd3 33. Nb3 Rc8
34. Re1 Rc6 35. Re5 Nd7 36. Rh5 Nf8 37. Ra5 Rb6 38. Rb5 Rxb5 39. axb5 Kc4 40.
Na5+ Kxb5 41. Nxb7 a5 42. Nd6+ Kb4 43. Ne4 a4 44. Nd2 a3 45. g4 a2 46. Kg2 a1=Q
47. Ne4 Qg7 48. g5 h6 49. h4 Nd7 50. Kh3 Nc5 51. gxh6 Qxh6 52. Ng5 e5 53. Kg4
Qg6 0-1

[Event "Challenge"]
[Site "http://www.queenalice.com/game.php?id=1598643"]
[Date "2020.2.7"]
[Round "-"]
[White "pedroingles"]
[Black "colatina"]
[Result "1-0"]
[WhiteElo "1875"]
[BlackElo "1758"]

1. e4 e5 2. Nf3 Nc6 3. Bb5 Nd4 4. Nc3 c6 5. Ba4 b5 6. Bb3 Nxb3 7. axb3 d6 8. O-O
Ba6 9. d3 Bb7 10. Be3 a5 11. d4 b4 12. Na4 Nf6 13. Bg5 h6 14. Bxf6 gxf6 15. c3
Ba6 16. c4 Bb7 17. Re1 Bc8 18. h3 d5 19. exd5 cxd5 20. Rc1 h5 21. dxe5 Be6 22.
exf6 Bd6 23. cxd5 Ra6 24. dxe6 Qxf6 25. Rc8+ Ke7 26. Rxh8 Qxh8 27. exf7+ Kxf7
28. Qd5+ Kg6 29. Re6+ Kg7 30. Qd4+ Kg8 31. Re8+ Bf8 32. Qc4+ Kg7 33. Qxa6 Qh7
34. Qa7+ Kg6 35. Qxh7+ Kxh7 36. Rxf8 Kg7 37. Ra8 Kf6 38. Rxa5 1-0

[Event "Challenge"]
[Site "http://www.queenalice.com/game.php?id=1601332"]
[Date "2020.3.1"]
[Round "-"]
[White "pedroingles"]
[Black "gruppodilavoro"]
[Result "0-1"]
[WhiteElo "1897"]
[BlackElo "1799"]

1. e4 c5 2. Nf3 Nc6 3. Bb5 Nf6 4. Nc3 e5 5. Bxc6 bxc6 6. O-O d5 7. d3 Ba6 8. Bg5
Be7 9. b3 d4 10. Ne2 O-O 11. c4 Ng4 12. Bxe7 Qxe7 13. Ng3 Bc8 14. h3 Nh6 15. Qd2
f5 16. Qg5 Qxg5 17. Nxg5 fxe4 18. N5xe4 Bf5 19. Rad1 Bxe4 20. Nxe4 Nf5 21. g3 g6
22. Rfe1 Rae8 23. Kg2 Kg7 24. Re2 a5 0-1

[Event "Challenge"]
[Site "http://www.queenalice.com/game.php?id=1607633"]
[Date "2020.4.15"]
[Round "-"]
[White "pedroingles"]
[Black "florencia1260"]
[Result "0-1"]
[WhiteElo "1877"]
[BlackElo "1730"]

1. g3 e5 2. Bg2 d5 3. d4 exd4 4. Nf3 c5 5. O-O Nf6 6. Bg5 Nc6 7. Nbd2 Be7 8. Nb1
Qb6 9. Qc1 O-O 10. Nbd2 Ne4 11. Bxe7 Nxe7 12. h3 Nxd2 13. Nxd2 Be6 14. c4 dxc3
15. bxc3 c4 16. h4 h6 17. Nf3 Rad8 18. Nd4 Nc6 19. Nxe6 fxe6 20. Qc2 Qc7 21. Bh3
e5 22. Rad1 d4 23. Bg2 b5 24. Rc1 Ne7 25. Be4 dxc3 26. Qxc3 Nd5 27. Bxd5+ Rxd5
28. Rfd1 Rfd8 29. Qc2 Rxd1+ 30. Rxd1 Rd6 31. Qb1 Rxd1+ 32. Qxd1 Kf7 33. Qd5+ Kf6
34. Qxb5 c3 35. Qb1 Qc4 36. e3 c2 0-1

[Event "Challenge"]
[Site "http://www.queenalice.com/game.php?id=1607634"]
[Date "2020.4.15"]
[Round "-"]
[White "florencia1260"]
[Black "pedroingles"]
[Result "1-0"]
[WhiteElo "1770"]
[BlackElo "1855"]

1. d4 g6 2. e4 e6 3. Nf3 Bg7 4. h4 Ne7 5. h5 gxh5 6. Nc3 d5 7. Rxh5 O-O 8. Bh6
Ng6 9. Bxg7 Kxg7 10. Qd2 Nc6 11. e5 Rh8 12. Bd3 Nce7 13. Qh6+ Kg8 14. O-O-O a6
15. Rdh1 Qf8 16. Bxg6 Qxh6+ 17. Rxh6 Nxg6 18. Ng5 b6 19. Rxh7 Rxh7 20. Nxh7 Bb7
21. Nf6+ Kf8 22. Ne2 Ke7 23. g4 Rh8 24. Rxh8 Nxh8 25. f4 a5 26. g5 Ng6 27. Kd2
Ba6 28. Nh5 Bxe2 29. Kxe2 Kd7 30. Ke3 Kc6 31. a4 b5 32. axb5+ Kxb5 33. Kd3 a4
34. c3 c5 35. dxc5 Kxc5 36. Ke3 Kc4 37. Kd2 Kb3 38. Kc1 Ne7 39. Ng3 a3 40. bxa3
Kxa3 41. Kd2 Kb3 42. Kd3 Ng6 43. Nh5 Ne7 44. Ng3 Ng6 45. Nh5 Nf8 46. Ng3 Nd7 47.
Ne2 Nb6 48. f5 exf5 49. Nd4+ Ka4 50. Nxf5 Nd7 51. Kd4 Kb3 52. Nd6 1-0